[Event "Aktobe Dvorkovich op"]
[Site "Aktobe"]
[Date "2023.06.20"]
[Round "1"]
[White "Bernadskiy, Vitaliy"]
[Black "Dosmukhambetov, Arystan"]
[Result "1-0"]
[WhiteElo "2553"]
[BlackElo "1791"]
[PlyCount "71"]
[EventDate "2023.06.20"]
[EventType "swiss"]
[EventRounds "9"]
[EventCountry "KAZ"]
[SourceTitle "CBM 214 Extra"]
[Source "ChessBase"]
[SourceDate "2023.07.31"]
[SourceVersion "1"]
[SourceVersionDate "2023.07.31"]
[SourceQuality "1"]

1. e4 c5 2. Nc3 Nc6 3. Bb5 Nd4 4. Nf3 e6 5. 0-0 a6 6. Bd3 Nc6 7. Be2 Nge7 8. d4 cxd4 9. Nxd4 Nxd4 10. Qxd4 Nc6 11. Qd3 Qc7 12. a4 Bd6 13. f4 Bc5+ 14. Kh1 Nb4 15. Qd2 0-0 16. a5 Nc6 17. Na4 Be7 18. Nb6 Rb8 19. Ra4 Bc5 20. b3 Rd8 21. Bb2 Bxb6 22. axb6 Qxb6 23. f5 f6 24. e5 fxe5 25. f6 Rf8 26. Rg4 g6 27. Qh6 Rf7 28. Bd3 e4 29. Bxe4 Ne7 30. Rf3 Qd6 31. Rd3 Qb4 32. Rd1 Qb5 33. Bd3 Nf5 34. Rxg6+ Kh8 35. Bxf5 Qxf5 36. Rg7 1-0